| 000 | 00675cam a2200217 a 4500 | ||
|---|---|---|---|
| 020 | _a0767411366 (acidfree paper) | ||
| 040 | _cDLC | ||
| 082 | 0 | 0 | _a808 MAY 2000 A092 Or. |
| 245 | 0 | 0 | _aReading and writing short arguments / |
| 250 | _a3rd ed. | ||
| 260 |
_aMountain View, Calif. : _bMayfield Pub., _cc2000. |
||
| 300 |
_axv, 352 p. : _bill. ; _c24 cm. |
||
| 650 | 0 | _aEnglish language | |
| 650 | 0 | _aPersuasion (Rhetoric) | |
| 650 | 0 | _aCollege readers. | |
| 650 | 0 | _aReport writing. | |
| 700 | 1 | _aVesterman, William, | |
| 856 | 4 | 2 | _uhttp://www.loc.gov/catdir/description/mh024/99020919.html |
| 856 | 4 | 1 | _uhttp://www.loc.gov/catdir/toc/mh023/99020919.html |
| 942 | _cEK | ||
| 999 |
_c11700 _d11700 |
||